青森県の市町村(1960年) - Statistics

General Stats
  • This quiz has been taken 54 times
  • The average score is 59 of 68
Answer Stats
No. 市町村 備考 % Correct
1 青森市
100%
2 弘前市
100%
5 五所川原市
100%
3 八戸市
97%
4 黒石市
97%
6 十和田市
97%
7 三沢市
97%
8 むつ市
97%
9 東津軽郡 平内町
97%
11 東津軽郡 今別町
97%
16 西津軽郡 鰺ヶ沢町
97%
18 西津軽郡 深浦町
97%
33 南津軽郡 田舎館村
97%
41 上北郡 野辺地町
97%
51 上北郡 六ヶ所村
97%
54 下北郡 大間町
97%
55 下北郡 東通村
97%
56 下北郡 風間浦村
97%
57 下北郡 佐井村
97%
59 三戸郡 三戸町
97%
68 三戸郡 新郷村
97%
12 東津軽郡 蓬田村
94%
26 中津軽郡 西目屋村
94%
27 南津軽郡 藤崎町
94%
28 南津軽郡 大鰐町
94%
35 北津軽郡 板柳町
94%
38 北津軽郡 鶴田町
94%
42 上北郡 七戸町
94%
46 上北郡 六戸町
94%
60 三戸郡 五戸町
94%
61 三戸郡 田子町
94%
64 三戸郡 階上村 1980年昇格
94%
17 西津軽郡 木造町 2005年消滅
92%
45 上北郡 横浜町
92%
47 上北郡 上北町 2005年消滅
92%
63 三戸郡 南部町
92%
10 東津軽郡 蟹田町 2005年消滅
86%
14 東津軽郡 三厩村 2005年消滅
86%
20 西津軽郡 森田村 2005年消滅
86%
43 上北郡 百石町 2006年消滅
86%
48 上北郡 天間林村 2005年消滅
86%
50 上北郡 下田村 1969年昇格
86%
36 北津軽郡 金木町 2005年消滅
83%
19 西津軽郡 岩崎村 2005年消滅
81%
23 西津軽郡 車力村 2005年消滅
81%
31 南津軽郡 浪岡町 2005年消滅
81%
34 南津軽郡 碇ケ関村 2006年消滅
81%
66 三戸郡 南郷村 2005年消滅
81%
13 東津軽郡 平舘村 2005年消滅
78%
21 西津軽郡 柏村 2005年消滅
78%
29 南津軽郡 平賀町 2006年消滅
78%
37 北津軽郡 中里町 2005年消滅
78%
58 下北郡 脇野沢村 2005年消滅
78%
62 三戸郡 名川町 2006年消滅
78%
65 三戸郡 福地村 2006年消滅
78%
39 北津軽郡 市浦村 2005年消滅
75%
40 北津軽郡 小泊村 2005年消滅
75%
24 中津軽郡 岩木村 1961年昇格
72%
32 南津軽郡 常盤村 2005年消滅
72%
52 下北郡 川内町 2005年消滅
72%
53 下北郡 大畑町 2005年消滅
72%
25 中津軽郡 相馬村 2006年消滅
69%
30 南津軽郡 尾上町 2006年消滅
69%
67 三戸郡 倉石村 2004年消滅
69%
22 西津軽郡 稲垣村 2005年消滅
67%
44 上北郡 十和田町 1975年改称
67%
49 上北郡 甲地村 1963年昇格
53%
15 東津軽郡 野内村 1962年消滅
50%
No matching quizzes found
Score Distribution
Percent of People with Each Score
Percentile by Number Answered
Your Score History
You have not taken this quiz